| 000 | 00718nam a2200121Ia 4500 | ||
|---|---|---|---|
| 008 | 220620s9999||||xx |||||||||||||| ||und|| | ||
| 245 | 0 |
_aNovels, Histories, Novel Nations _bHistorical Fiction and Cultural Memory in Finland and Estonia |
|
| 546 | _aEnglish[eng] | ||
| 650 | _aliterature||historical plays||literary research||collective memory||language||historical novels||Estonia||Estonian language||Finland||Soviet Union | ||
| 700 | _aKaljundi, Linda||Laanes, Eneken||Pikkanen, Ilona | ||
| 856 | _uhttps://library.oapen.org/bitstream/20.500.12657/30885/1/641488.pdf||https://library.oapen.org/bitstream/20.500.12657/30885/1/641488.pdf||https://library.oapen.org/bitstream/20.500.12657/30885/1/641488.pdf | ||
| 942 | _cEB | ||
| 999 |
_c22925 _d22925 |
||